Countries with the Lowest Percentage of Women - Statistics

General Stats
  • This quiz has been taken 89 times
  • The average score is 5 of 8
Answer Stats
% of 👩 in Pop. Region Country % Correct
48.4% Middle East Saudi Arabia
81%
5.9% Europe Vatican City
81%
26.7% Middle East United Arab Emirates
77%
27.4% Middle East Qatar
76%
33.7% Middle East Oman
75%
48.2% South Asia India
68%
46.3% South Asia Bhutan
39%
48.4% South East Asia Malaysia
39%
No matching quizzes found
Score Distribution
Percent of People with Each Score
Percentile by Number Answered
Your Score History
You have not taken this quiz